000 00444nam a2200169Ia 4500
008 230917s9999||||xx |||||||||||||| ||und||
020 _cRS 595.00
040 _e5015820
_aMAIN
041 _aEnglish
082 _a613.7 U6W
100 _aUppal, A K
245 0 _aWellness and fitness
260 _aNew Delhi
_bFriends Publications (India)
_c2022
300 _a126 p.
500 _a4783 16/12/2022 FP23/200 09/01/2023 Main Budget
942 _cBK
999 _c7181
_d7181